Statistics for Atletico Madrid Top 10 Leaders

Click here to take the quiz!

General Stats

  • This quiz has been taken 231 times
    (15 since last reset)
  • The average score is 6 of 19

Answer Stats

GoalsAppsPlayer% Correct
181389Antoine Griezmann
93%
47637Koke
93%
129404Fernando Torres
79%
0446Jan Oblak
64%
48427Saúl Ñíguez
57%
80421Ángel Correa
43%
173370Luis Aragonés
36%
101234Sergio Agüero
21%
113551Adelardo Rodríguez
14%
71470Enrique Collar
14%
135325José Eulogio Gárate
14%
169330Adrián Escudero
7%
34454Carlos Aguilera
7%
144235Francisco Campos
7%
7425Isacio Calleja
7%
125219Joaquin Peiro
7%
103217José Juncosa
7%
22421Juan Carlos Arteche
7%
3463Tomás Reñones
7%

Score Distribution

Percentile by Number Answered

Percent of People with Each Score

Your Score History

You have not taken this quiz since the last reset